书目信息 |
| 题名: |
怎样开展家庭健身活动
|
|
| 作者: | 张宏成主编 | |
| 分册: | ||
| 出版信息: | 苏州 苏州大学出版社 1997.11 |
|
| 页数: | 154页 | |
| 开本: | 32开 | |
| 丛书名: | ||
| 单 册: | ||
| 中图分类: | G812.4 | |
| 科图分类: | ||
| 主题词: | 体育事业--世界 | |
| 电子资源: | ||
| ISBN: | 7-81037-364-1 | |
| 000 | 00566nam0 2200181 45 | |
| 001 | 9911301546 | |
| 005 | 19991130154210.1 | |
| 010 | @a7-81037-364-1@d5.00 | |
| 100 | @a19991130d1997 km y0chiy0120 ea | |
| 101 | @achi | |
| 105 | @a z 000yy | |
| 200 | 1 | @a怎样开展家庭健身活动@AZen Yang Kai Zhan Jia Ting Jian Shen Huo Dong@f张宏成主编@FZhang Hong Cheng Zhu Bian |
| 210 | @a苏州@c苏州大学出版社@d1997.11 | |
| 215 | @a154页@c无图表@d32开 | |
| 606 | 0 | @a体育事业@x世界 |
| 690 | @aG812.4@v3 | |
| 801 | @aCN@bPerfectUser@c19991130 | |
| 905 | @aBZT@b63254-258@f5@dG812.4@e1 | |
| 怎样开展家庭健身活动/张宏成主编.-苏州:苏州大学出版社,1997.11 |
| 154页:无图表;32开 |
| ISBN 7-81037-364-1:5.00 |
| ● |
| 相关链接 |
|
|
|
正题名:怎样开展家庭健身活动
索取号:G812.4/1
 
预约/预借
| 序号 | 登录号 | 条形码 | 馆藏地/架位号 | 状态 | 备注 |
| 1 | 63254 | 200423336 | 中心书库北库/ 北库026架A面3列5层55/ [索取号:G812.4/1] | 在馆 | |
| 2 | 63255 | 200423345 | 中心书库北库/ 北库026架A面3列5层57/ [索取号:G812.4/1] | 在馆 | |
| 3 | 63256 | 200423354 | 中心书库北库/ 北库026架A面3列5层59/ [索取号:G812.4/1] | 在馆 | |
| 4 | 63257 | 200423381 | 中心书库北库/ 北库026架A面3列5层60/ [索取号:G812.4/1] | 在馆 | |
| 5 | 63258 | 200423363 | 中心书库北库/ 北库026架A面3列5层58/ [索取号:G812.4/1] | 在馆 |